[Event "Ouest Toulousain op-B 4th"]
[Site "Tournefeuille"]
[Date "2009.02.21"]
[Round "8"]
[White "Garcia del Prado, Bruno"]
[Black "Sauvan, Didier"]
[Result "1-0"]
[WhiteElo "1680"]
[BlackElo "1440"]
[PlyCount "79"]
[EventDate "2009.02.16"]
[EventType "swiss"]
[EventRounds "9"]
[EventCountry "FRA"]
[SourceTitle "CBM 128 Extra"]
[Source "ChessBase"]
[SourceDate "2009.03.05"]
[SourceVersion "2"]
[SourceVersionDate "2009.03.25"]
[SourceQuality "1"]

1. e4 e6 2. d4 d5 3. Nc3 Nf6 4. Bg5 Be7 5. e5 Nfd7 6. Bxe7 Qxe7 7. Nf3 c5 8. Nb5 0-0 9. Nc7 c4 10. c3 Nb6 11. Nxa8 Nxa8 12. Qd2 Nc6 13. Be2 f6 14. h4 Nc7 15. exf6 Qxf6 16. Qg5 Ne8 17. Qxf6 Nxf6 18. g3 Ng4 19. Nd2 e5 20. Bxg4 Bxg4 21. f3 Bxf3 22. Rf1 Bg2 23. Rxf8+ Kxf8 24. dxe5 Nxe5 25. Kf2 Bh3 26. Ke3 Ke7 27. b3 b5 28. bxc4 dxc4 29. Kd4 Nd3 30. Ne4 Nb2 31. Nc5 a6 32. Rb1 Na4 33. Nxa4 bxa4 34. a3 Bd7 35. Kxc4 Bb5+ 36. Kd4 Kd6 37. c4 Bc6 38. Rb6 Kc7 39. Rxa6 h6 40. Ra7+ 1-0

[Event "Ouest Toulousain op-B 4th"]
[Site "Tournefeuille"]
[Date "2009.02.18"]
[Round "3"]
[White "Garcia del Prado, Bruno"]
[Black "Auger, Pierre"]
[Result "1/2-1/2"]
[WhiteElo "1680"]
[BlackElo "1630"]
[PlyCount "63"]
[EventDate "2009.02.16"]
[EventType "swiss"]
[EventRounds "9"]
[EventCountry "FRA"]
[SourceTitle "CBM 128 Extra"]
[Source "ChessBase"]
[SourceDate "2009.03.05"]
[SourceVersion "2"]
[SourceVersionDate "2009.03.25"]
[SourceQuality "1"]

1. e4 e5 2. Nf3 d6 3. Bc4 c6 4. d3 Be7 5. a3 Nf6 6. Nbd2 Bg4 7. 0-0 0-0 8. c3 b5 9. Ba2 Nbd7 10. Qe1 Qb6 11. h3 Bh5 12. Nh4 Bg6 13. Nxg6 hxg6 14. Nf3 Nh5 15. Be3 Qd8 16. Qd2 Nf4 17. Bxf4 exf4 18. Qxf4 g5 19. Qg4 Ne5 20. Nxe5 dxe5 21. Rad1 Qd6 22. d4 g6 23. dxe5 Qxe5 24. h4 Kg7 25. Bb1 Rh8 26. Qg3 Bf6 27. f4 Qc5+ 28. Qf2 Qxf2+ 29. Rxf2 gxf4 30. Rxf4 Rxh4 31. Rxh4 Bxh4 32. Ba2 1/2-1/2

[Event "Ouest Toulousain op-B 3rd"]
[Site "Tournefeuille"]
[Date "2008.02.26"]
[Round "2"]
[White "Garcia del Prado, Bruno"]
[Black "Broly, Mathilde"]
[Result "1-0"]
[WhiteElo "1680"]
[BlackElo "1450"]
[PlyCount "129"]
[EventDate "2008.02.25"]
[EventType "swiss"]
[EventRounds "9"]
[EventCountry "FRA"]
[SourceTitle "CBM 123 Extra"]
[Source "ChessBase"]
[SourceDate "2008.05.06"]
[SourceVersion "1"]
[SourceVersionDate "2008.05.06"]
[SourceQuality "1"]

1. e4 e5 2. Nf3 Nc6 3. Bb5 Nf6 4. 0-0 a6 5. Ba4 Bc5 6. c3 a5 7. Bxc6 dxc6 8. d4 exd4 9. cxd4 Be7 10. Re1 0-0 11. h3 Re8 12. Nc3 Bb4 13. Bg5 c5 14. e5 h6 15. exf6 hxg5 16. Rxe8+ Qxe8 17. fxg7 Kxg7 18. Nxg5 Bxc3 19. bxc3 Qc6 20. Qd3 Qg6 21. Qxg6+ Kxg6 22. Ne4 Bf5 23. Nxc5 b6 24. Nb3 Rg8 25. Re1 Kf6 26. Re3 a4 27. Nd2 c6 28. Rf3 Ke6 29. c4 Bh7 30. Re3+ Kf6 31. Nf3 Bf5 32. Ne5 c5 33. dxc5 bxc5 34. g4 Be6 35. f4 Bc8 36. Nd3 Ba6 37. Nxc5 Bxc4 38. Nd7+ Kg7 39. a3 Rd8 40. Ne5 Re8 41. Nxc4 Rxe3 42. Nxe3 Kf8 43. Nd5 Ke8 44. Nb6 Ke7 45. Nxa4 Kd6 46. Nc3 Kc5 47. a4 Kb4 48. Kf2 Ka5 49. Ke3 Kb4 50. f5 f6 51. Kf4 Ka5 52. g5 fxg5+ 53. Kxg5 Kb6 54. Kg6 Kc7 55. Kg7 Kd7 56. f6 Kc7 57. f7 Kc6 58. f8Q Kb6 59. a5+ Kxa5 60. Qb8 Ka6 61. Qb5+ Ka7 62. Kf7 Ka8 63. Nd5 Ka7 64. Qb6+ Ka8 65. Nc7# 1-0

[Event "Ouest Toulousain op-B 3rd"]
[Site "Tournefeuille"]
[Date "2008.02.25"]
[Round "1"]
[White "Strub, Bruno"]
[Black "Garcia del Prado, Bruno"]
[Result "0-1"]
[WhiteElo "1430"]
[BlackElo "1680"]
[PlyCount "106"]
[EventDate "2008.02.25"]
[EventType "swiss"]
[EventRounds "9"]
[EventCountry "FRA"]
[SourceTitle "CBM 123 Extra"]
[Source "ChessBase"]
[SourceDate "2008.05.06"]
[SourceVersion "1"]
[SourceVersionDate "2008.05.06"]
[SourceQuality "1"]

1. e4 e5 2. Nf3 Nc6 3. Bb5 a6 4. Ba4 Nf6 5. 0-0 Be7 6. Re1 b5 7. Bb3 d6 8. c3 Bg4 9. h3 Bh5 10. Bc2 Qd7 11. d3 0-0 12. Nbd2 h6 13. Nf1 Nh7 14. Ng3 Bg6 15. Be3 Nf6 16. Nh4 Bh7 17. Nhf5 d5 18. Nxe7+ Nxe7 19. Bc5 Rfe8 20. Bb3 Qc6 21. Bxe7 Rxe7 22. Qf3 dxe4 23. dxe4 Rd8 24. Rad1 Red7 25. Rxd7 Rxd7 26. Bc2 Rd2 27. Re2 Rd7 28. Qe3 Bg6 29. f3 Nh5 30. Nf5 Nf4 31. Rd2 Bxf5 32. exf5 f6 33. Bb3+ Kh7 34. Rxd7 Qxd7 35. Bc2 Qd6 36. Kh2 Nd5 37. Qe1 c5 38. Qd2 Qd7 39. Be4 Nb6 40. Qf2 Qd6 41. Qg3 Qd7 42. f4 Nc4 43. fxe5 Nxe5 44. Qf2 Qd6 45. Kh1 Nc4 46. Qe2 Qe5 47. Bd3 Qxe2 48. Bxe2 Nxb2 49. Kh2 Na4 50. c4 b4 51. Bd1 Nc3 52. Bb3 a5 53. a4 bxa3 0-1